000 02801nam1a2200361 4500
001 RU\NLR\BIBL_A\012470642
005 20260406132632.0
035 _a(NLR Aleph) 012470642
090 _a12077485
_c12077485
100 _a20210311g20209999k y0rusy50 ca
101 0 _arus
_ager
_aeng
102 _aRU
105 _a z 1
181 0 _ai
_baxxe
182 0 _an
200 1 _aМолодые исследователи агропромышленного и лесного комплексов - регионам
_eсборник научных трудов по результатам работы V международной молодежной научно-практической конференции, [23 апреля 2020 года]
_fМинистерство сельского хозяйства Российской Федерации, Федеральное государственное бюджетное образовательное учреждение высшего образования "Вологодская государственная молочнохозяйственная академия имени Н. В. Верещагина"
_g[редакционная коллегия: к.с.-х.н., доцент В. В. Суров - ответственный редактор и др.]
203 _aТекст
_bвизуальный
_cнепосредственный
210 _aВологда - Молочное
_cФГБОУ ВО Вологодская ГМХА
_d2020
215 _d20
606 _aАгропромышленные комплексы
_jСъезды, совещания и т.п
_9900945
_3RU\NLR\AUTH\667450
606 1 _aСельское хозяйство
_jСъезды, совещания и т.п
_9896357
_3RU\NLR\AUTH\664909
606 _aЛесное хозяйство
_jСъезды, совещания и т.п
_9993890
_3RU\NLR\AUTH\6658014
686 1 _aУ32(0)-434я431
686 1 _aП.я431(0)
686 1 _aП3я431(0)
702 1 _aСуров
_bВ. В.
_gВладимир Викторович
_4340
711 1 2 _a"Молодые исследователи агропромышленного и лесного комплексов - регионам", международная молодежная научно-практическая конференция
_d5
_eс. Молочное, Вологодская обл.
_f2020
_9739535
_3RU\NLR\AUTH\880538046
712 0 2 _4475
_aВологодская государственная молочнохозяйственная академия им. Н. В. Верещагина
_3RU\NLR\AUTH\8824416
_9323566
852 _aNLR
_b2021-3/4572
942 _cBOOK